The Type-Ins Quiz - Statistics

General Stats
  • This quiz has been taken 29 times
  • The average score is 28 of 37
Answer Stats
Country Type-In % Correct
Central African Republic CAR
100%
Dominican Republic DR
100%
Democratic Republic of the Congo DRC
100%
United Arab Emirates UAE
96%
United Kingdom UK
96%
United States USA
96%
Democratic Republic of the Congo Congo
93%
Papua New Guinea PNG
93%
Vatican City Vatican
93%
Myanmar Burma
89%
Netherlands Holland
89%
Saint Lucia St Lucia
89%
Ivory Coast Côte d'Ivoire
85%
North Macedonia Macedonia
85%
United Kingdom Great Britain
74%
New Zealand NZ
74%
Saudi Arabia Saudi Arabia
74%
South Korea South Korea
74%
United Kingdom United Kingdom
74%
United States United States
74%
United States America
70%
Central African Republic Central African Republic
70%
Dominican Republic Dominican Republic
67%
Ivory Coast Ivory Coast
67%
Myanmar Myanmar
67%
Netherlands Netherlands
67%
New Zealand New Zealand
67%
Papua New Guinea Papua New Guinea
67%
Saint Lucia Saint Lucia
67%
United Arab Emirates United Arab Emirates
67%
United Kingdom Britain
63%
North Macedonia North Macedonia
63%
Papua New Guinea New Guinea
59%
Vatican City Holy See
56%
North Macedonia FYROM
44%
South Korea ROK
44%
Saudi Arabia KSA
41%
No matching quizzes found
Score Distribution
Percent of People with Each Score
Percentile by Number Answered
Your Score History
You have not taken this quiz